[Event "DVM U20 2012"]
[Site "Osnabrück GER"]
[Date "2012.12.27"]
[Round "1"]
[White "Scheinhütte, Jakob"]
[Black "Andrä, Philipp"]
[Result "1-0"]
[Termination "normal"]
[Board "4.6"]
[WhiteElo "1659"]
[BlackElo "1894"]
[WhiteTeam "SV Empor Berlin"]
[BlackTeam "SG Solingen"]
[WhiteFideId "24693944"]
[BlackFideId "1271844"]
[EventCountry "GER"]
[EventRounds "7"]
[EventType "team-swiss"]
[EventDate "2012.12.26"]

1. e4 c5 2. Nf3 d6 3. c3 g6 4. h3 Nc6 5. d4 cxd4 6. cxd4 Bg7 7. Be3 e6 8. Nc3
Nge7 9. Be2 O-O 10. O-O f5 11. exf5 Nxf5 12. Bg5 Qa5 13. d5 exd5 14. Nxd5 Bd4
15. Bc4 Kg7 16. Nxd4 Nfxd4 17. b4 Nf3+ 18. Kh1 Nxb4 19. gxf3 Nc6 20. Re1 Qc5
21. Qc1 Rxf3 22. Bh6+ Kf7 23. Nc7+ Kf6 24. Ne8+ Kf5 25. Qg5# 1-0

[Event "DVM U20 2012"]
[Site "Osnabrück GER"]
[Date "2012.12.27"]
[Round "1"]
[White "Grunau, Christoph"]
[Black "Mons, Leon"]
[Result "0-1"]
[Termination "normal"]
[Board "5.1"]
[BlackTitle "FM"]
[WhiteElo "1961"]
[BlackElo "2339"]
[WhiteTeam "SC Heitersheim"]
[BlackTeam "SC Forchheim"]
[WhiteFideId "12929760"]
[BlackFideId "4614950"]
[EventCountry "GER"]
[EventRounds "7"]
[EventType "team-swiss"]
[EventDate "2012.12.26"]

1. e4 g6 2. d4 Bg7 3. Nc3 d6 4. Be3 a6 5. f4 b5 6. Bd3 Nd7 7. Nf3 Bb7 8. e5 c5
9. Be4 Bxe4 10. Nxe4 Nh6 11. dxc5 Ng4 12. Qe2 dxe5 13. O-O-O Qc7 14. Rd5 Nxe3
15. Qxe3 exf4 16. Qe2 O-O 17. Rhd1 Nf6 18. Nxf6+ Bxf6 19. Ne5 e6 20. Rd6 Bxe5
21. Qxe5 Rac8 22. c6 Qb6 23. Qd4 Qxd4 24. R1xd4 e5 25. R4d5 Rfe8 26. Kd2 Kg7
27. Ke2 e4 28. b4 Re6 29. Rxe6 fxe6 30. Rc5 Kf6 31. c4 Ke7 32. cxb5 axb5 33. a4
bxa4 34. b5 Kd6 35. Rc1 Kc7 36. Ra1 Ra8 37. Kd2 Kb6 38. Kc3 Kxb5 39. c7 Rc8 40.
Rb1+ Kc5 41. Rb7 Kc6 42. Ra7 Rxc7 0-1

[Event "DVM U20 2012"]
[Site "Osnabrück GER"]
[Date "2012.12.27"]
[Round "1"]
[White "Miller, Eduard"]
[Black "Winter, Philipp"]
[Result "1/2-1/2"]
[Termination "normal"]
[Board "5.2"]
[WhiteElo "2137"]
[BlackElo "1917"]
[WhiteTeam "SC Forchheim"]
[BlackTeam "SC Heitersheim"]
[WhiteFideId "24687022"]
[BlackFideId "1270635"]
[EventCountry "GER"]
[EventRounds "7"]
[EventType "team-swiss"]
[EventDate "2012.12.26"]

1. e4 c5 2. Nf3 Nc6 3. d4 cxd4 4. Nxd4 a6 5. c4 d6 6. Nc3 Nf6 7. Nc2 g6 8. Be2
Bg7 9. O-O O-O 10. Rb1 Bd7 11. b3 Rb8 12. Bb2 Qa5 13. b4 Qc7 14. Nd5 Nxd5 15.
Bxg7 Kxg7 16. exd5 Nd8 17. Qd4+ Kg8 18. Ne3 b6 19. Rb3 e5 20. dxe6 fxe6 21. Rd1
Ba4 22. Qxd6 Qxd6 23. Rxd6 Bxb3 24. axb3 h5 25. Bf3 Kf7 26. Rd7+ Kf6 27. Ra7 a5
28. bxa5 bxa5 29. Rxa5 Rxb3 30. h4 Nb7 31. Ra7 Rb8 32. Kh2 Nc5 33. Rc7 Nd3 34.
Kg3 Ne5 35. Be4 R8b4 36. Kf4 Rc3 37. Ra7 Nxc4 38. Nxc4 Rbxc4 39. Ra6 Rc2 40.
Ke3 Rxe4+ 41. Kxe4 Rxf2 42. g3 Rb2 1/2-1/2

[Event "DVM U20 2012"]
[Site "Osnabrück GER"]
[Date "2012.12.27"]
[Round "1"]
[White "Wendering, Leonard"]
[Black "Killmann, Martin"]
[Result "0-1"]
[Termination "normal"]
[Board "5.3"]
[WhiteElo "2009"]
[BlackElo "1808"]
[WhiteTeam "SC Heitersheim"]
[BlackTeam "SC Forchheim"]
[WhiteFideId "1270637"]
[BlackFideId "24651559"]
[EventCountry "GER"]
[EventRounds "7"]
[EventType "team-swiss"]
[EventDate "2012.12.26"]

1. e4 e6 2. d4 d5 3. Nc3 Nf6 4. e5 Nfd7 5. f4 c5 6. Nf3 Nc6 7. Ne2 Be7 8. g3
cxd4 9. Nexd4 Nc5 10. c3 Bd7 11. Be3 Rc8 12. Nb3 Na4 13. Bb5 Nxb2 14. Qd2 Nc4
15. Bxc4 dxc4 16. Nc5 Bxc5 17. Bxc5 Nxe5 18. Nxe5 Rxc5 19. Qd4 Rd5 20. Qxa7 O-O
21. Qxb7 Ba4 22. Qb4 Rd1+ 23. Rxd1 Qxd1+ 24. Kf2 Qxh1 25. Qxa4 Qxh2+ 26. Kf3
Qh1+ 27. Kf2 Qh2+ 28. Kf3 Rd8 29. Qxc4 Qh1+ 30. Ke3 Qe1+ 31. Kf3 Qd1+ 32. Ke3
Qd2+ 33. Kf3 Qd5+ 34. Ke3 Qxc4 35. Nxc4 Kf8 36. a4 Ke7 37. a5 f6 38. Nb6 Kd6
39. Kd4 Kc6+ 40. Kc4 e5 41. fxe5 fxe5 42. Kb4 e4 43. Nc4 Rb8+ 44. Ka3 Kc5 45.
Ne5 e3 46. a6 Ra8 47. Kb3 Rxa6 48. Kc2 Rd6 49. Nd3+ Kd5 0-1

[Event "DVM U20 2012"]
[Site "Osnabrück GER"]
[Date "2012.12.27"]
[Round "1"]
[White "Stephan, Michael"]
[Black "Boes, Julian"]
[Result "1-0"]
[Termination "normal"]
[Board "5.4"]
[WhiteElo "1867"]
[BlackElo "1779"]
[WhiteTeam "SC Forchheim"]
[BlackTeam "SC Heitersheim"]
[WhiteFideId "24656852"]
[BlackFideId "12907723"]
[EventCountry "GER"]
[EventRounds "7"]
[EventType "team-swiss"]
[EventDate "2012.12.26"]

1. e4 c5 2. Nf3 e6 3. d4 cxd4 4. Nxd4 a6 5. c4 Nf6 6. Nc3 d6 7. Be2 Be7 8. O-O
O-O 9. f4 Qc7 10. b3 b6 11. Bf3 Bb7 12. f5 e5 13. Nc2 Nbd7 14. Ne3 Rac8 15. g4
Nc5 16. g5 Nfxe4 17. Ncd5 Bxd5 18. Nxd5 Qa7 19. f6 Bd8 20. Bxe4 Nxe4 21. Qg4
b5+ 22. Be3 Qa8 23. Qxe4 bxc4 24. bxc4 Qc6 25. Rac1 Qd7 26. Rf3 Rb8 27. Qh4 Rb2
28. Rh3 Qf5 29. g6 h6 30. Ne7+ Bxe7 31. fxe7 Re8 32. Rf1 Qxg6+ 33. Rg3 Qe6 34.
Bxh6 g6 35. Bg5 d5 36. Bf6 Qb6+ 37. Kh1 Rb1 38. Qh8# 1-0

[Event "DVM U20 2012"]
[Site "Osnabrück GER"]
[Date "2012.12.27"]
[Round "1"]
[White "Schopferer, Markus"]
[Black "Wagner, Robert"]
[Result "0-1"]
[Termination "normal"]
[Board "5.5"]
[WhiteElo "1606"]
[BlackElo "1806"]
[WhiteTeam "SC Heitersheim"]
[BlackTeam "SC Forchheim"]
[WhiteFideId "1270636"]
[BlackFideId "24656879"]
[EventCountry "GER"]
[EventRounds "7"]
[EventType "team-swiss"]
[EventDate "2012.12.26"]

1. g3 d5 2. Bg2 Nf6 3. d3 e6 4. e3 Be7 5. Bd2 c5 6. Nc3 Bd7 7. Nf3 Bc6 8. Ne5
O-O 9. Nxc6 Nxc6 10. O-O Rb8 11. e4 d4 12. Ne2 b5 13. f4 c4 14. e5 Nd5 15. Bxd5
Qxd5 16. Be1 Bc5 17. a3 Rbe8 18. b4 Bb6 19. Bf2 c3 20. h3 f6 21. exf6 Rxf6 22.
Kh2 e5 23. Re1 Bc7 24. Ng1 Ref8 25. Qf3 Qd7 26. Qg2 exf4 27. gxf4 Rxf4 28. Re2
Rxf2+ 29. Kh1 Rxg2 30. Rxg2 Ne5 31. Re1 Qd5 32. Re4 Ng6 33. Rge2 Nf4 34. Rf2
Re8 35. Rf3 Rxe4 36. dxe4 Qxe4 37. Kh2 Qxc2+ 0-1

[Event "DVM U20 2012"]
[Site "Osnabrück GER"]
[Date "2012.12.27"]
[Round "1"]
[White "Nöttling, Dominik"]
[Black "Groß, Dennis"]
[Result "1-0"]
[Termination "normal"]
[Board "5.6"]
[WhiteElo "1814"]
[BlackElo "1516"]
[WhiteTeam "SC Forchheim"]
[BlackTeam "SC Heitersheim"]
[WhiteFideId "24672807"]
[BlackFideId "1270638"]
[EventCountry "GER"]
[EventRounds "7"]
[EventType "team-swiss"]
[EventDate "2012.12.26"]

1. e4 e5 2. Bc4 d6 3. c3 Nf6 4. d3 Be7 5. Nf3 O-O 6. Nbd2 c6 7. Bb3 Bg4 8. h3
Bh5 9. g4 Bg6 10. h4 h5 11. g5 Nfd7 12. Nf1 Nc5 13. Ng3 Qb6 14. Be3 Nbd7 15.
O-O Qa6 16. Ne1 Qb5 17. Nxh5 Bxh5 18. Qxh5 Nxb3 19. axb3 Qxb3 20. Qe2 a6 21. c4
d5 22. h5 d4 23. Bc1 Qb4 24. f4 exf4 25. Bxf4 Qc5 26. Qg4 Ne5 27. Qf5 Bd6 28.
b4 1-0

[Event "DVM U20 2012"]
[Site "Osnabrück GER"]
[Date "2012.12.27"]
[Round "1"]
[White "Borgmeyer, Max"]
[Black "Arndt, Dominik"]
[Result "0-1"]
[Termination "normal"]
[Board "6.1"]
[WhiteElo "2111"]
[BlackElo "1937"]
[WhiteTeam "Königsspringer Hamburg"]
[BlackTeam "SC Vaterstetten"]
[WhiteFideId "24615870"]
[BlackFideId "24664090"]
[EventCountry "GER"]
[EventRounds "7"]
[EventType "team-swiss"]
[EventDate "2012.12.26"]

1. e4 c5 2. Nf3 g6 3. d4 cxd4 4. Nxd4 Bg7 5. c4 Nc6 6. Be3 Nf6 7. Nc3 O-O 8.
Be2 d6 9. O-O Bd7 10. Kh1 Nxd4 11. Bxd4 Qa5 12. a3 Rfc8 13. b4 Qc7 14. Nd5 Nxd5
15. exd5 Bxd4 16. Qxd4 b5 17. Rac1 bxc4 18. Rc3 Qb6 19. Qh4 e5 20. Qe7 Bf5 21.
g4 Be4+ 22. Kg1 Qd4 23. Rh3 Bd3 24. Qh4 Bxe2 25. Qxh7+ Kf8 26. Qh6+ Ke8 27. Re1
Qxg4+ 28. Rg3 Qh5 29. Qe3 Bd3 30. Rg5 Qh4 31. f4 e4 32. h3 Ke7 33. f5 gxf5 34.
Rxf5 Rg8+ 35. Kh2 f6 36. Rg1 Rxg1 37. Qxg1 Kf7 38. Qd4 Qh6 39. Qf2 Rh8 0-1

[Event "DVM U20 2012"]
[Site "Osnabrück GER"]
[Date "2012.12.27"]
[Round "1"]
[White "Borchert, Finn"]
[Black "Stanau, Guido"]
[Result "1/2-1/2"]
[Termination "normal"]
[Board "6.2"]
[WhiteElo "1901"]
[BlackElo "2078"]
[WhiteTeam "SC Vaterstetten"]
[BlackTeam "Königsspringer Hamburg"]
[WhiteFideId "4620720"]
[BlackFideId "24692255"]
[EventCountry "GER"]
[EventRounds "7"]
[EventType "team-swiss"]
[EventDate "2012.12.26"]

1. e4 c5 2. Nc3 Nc6 3. g3 g6 4. Bg2 Bg7 5. d3 e6 6. f4 Nge7 7. Nf3 O-O 8. O-O
d6 9. Be3 Nd4 10. e5 Nef5 11. Bf2 Qb6 12. Rb1 Bd7 13. exd6 Bc6 14. Ne4 Rfd8 15.
c3 Nxf3+ 16. Bxf3 Bxe4 17. dxe4 Nxd6 18. Qe2 a5 19. e5 Nf5 20. g4 Ne7 21. b4
axb4 22. cxb4 Nd5 23. Bxc5 Qa6 24. Qxa6 Rxa6 25. Bxd5 Rxd5 26. Rbd1 g5 27. Rxd5
exd5 28. Rd1 gxf4 29. Rxd5 h6 30. Rd8+ Kh7 31. Rd7 b6 32. Bd6 Kg6 33. h4 Rxa2
34. h5+ Kg5 35. Rxf7 Bh8 36. Rf8 Bg7 37. Rg8 Kh4 38. Rxg7 Kg3 39. Kf1 Ra1+ 40.
Ke2 f3+ 41. Ke3 f2 42. Rf7 f1=Q 43. Rxf1 Rxf1 44. e6+ Kxg4 45. e7 Re1+ 46. Kd4
Kf5 47. Kd5 Kf6 48. Kc6 Re6 49. b5 Kf7 50. Kc7 Ke8 51. Bb4 1/2-1/2

[Event "DVM U20 2012"]
[Site "Osnabrück GER"]
[Date "2012.12.27"]
[Round "1"]
[White "Lock, Adrian"]
[Black "Nitsche-Hahn, Maxim"]
[Result "1-0"]
[Termination "normal"]
[Board "6.3"]
[WhiteElo "2052"]
[BlackElo "1861"]
[WhiteTeam "Königsspringer Hamburg"]
[BlackTeam "SC Vaterstetten"]
[WhiteFideId "24651290"]
[BlackFideId "4613090"]
[EventCountry "GER"]
[EventRounds "7"]
[EventType "team-swiss"]
[EventDate "2012.12.26"]

1. e4 c5 2. Nf3 Nc6 3. Bb5 d6 4. O-O Bd7 5. Re1 e5 (5... e5 6. c3 Nf6 7. d4
cxd4 8. cxd4 Nxd4 9. Bxd7+ Nxd7 10. Nxd4 exd4 11. Qxd4 Qf6 12. Qa4 a6 13. Nc3
b5 14. Nxb5 Qd8 15. Nd4 Qb6 16. e5 Kd8 17. Bg5+) 6. c3 Nf6 7. d4 cxd4 8. cxd4
Nxd4 9. Bxd7+ Nxd7 10. Nxd4 exd4 11. Qxd4 Qf6 12. Qa4 a6 13. Nc3 b5 14. Nxb5
Qd8 15. Nd4 Qb6 16. e5 Kd8 17. Bg5+ 1-0

[Event "DVM U20 2012"]
[Site "Osnabrück GER"]
[Date "2012.12.27"]
[Round "1"]
[White "Heimbächer, Moritz"]
[Black "Raider, Eugen"]
[Result "0-1"]
[Termination "normal"]
[Board "6.4"]
[WhiteElo "1807"]
[BlackElo "1890"]
[WhiteTeam "SC Vaterstetten"]
[BlackTeam "Königsspringer Hamburg"]
[WhiteFideId "1270962"]
[BlackFideId "24657352"]
[EventCountry "GER"]
[EventRounds "7"]
[EventType "team-swiss"]
[EventDate "2012.12.26"]

1. d4 Nf6 2. Nf3 c5 3. c3 e6 4. Bg5 b6 5. e4 h6 6. Bxf6 Qxf6 7. Bd3 Bb7 8. O-O
Qd8 9. Nbd2 Be7 10. Ne5 O-O 11. f4 cxd4 12. cxd4 Nc6 13. Nef3 Nb4 14. Be2 Rc8
15. Qb3 f5 16. e5 Bd5 17. Qa4 g5 18. g3 g4 19. Ne1 a6 20. a3 b5 21. Qd1 Nc6 22.
Nc2 Nxd4 23. Nxd4 Qb6 24. Bxg4 Qxd4+ 25. Rf2 Bc5 26. Qe2 Qxf2+ 0-1

[Event "DVM U20 2012"]
[Site "Osnabrück GER"]
[Date "2012.12.27"]
[Round "1"]
[White "Pfreundt, Jakob"]
[Black "Süß, Christian"]
[Result "1-0"]
[Termination "normal"]
[Board "6.5"]
[WhiteElo "1871"]
[BlackElo "1460"]
[WhiteTeam "Königsspringer Hamburg"]
[BlackTeam "SC Vaterstetten"]
[WhiteFideId "12918156"]
[BlackFideId "12964280"]
[EventCountry "GER"]
[EventRounds "7"]
[EventType "team-swiss"]
[EventDate "2012.12.26"]

1. e4 e5 2. Nf3 Nc6 3. Bc4 Nf6 4. d3 Bc5 5. c3 d6 6. Bb3 Bg4 7. Nbd2 O-O 8. Nf1
Ne7 9. Ng3 Nh5 10. h3 Nxg3 11. fxg3 Bd7 12. Ng5 h6 13. Nxf7 Rxf7 14. Bxf7+ Kxf7
15. Qb3+ Kg6 16. Rf1 Qg8 17. Qd1 Rf8 18. Rf3 Nc6 19. Be3 Bxe3 20. Rxe3 Rf6 21.
Rf3 Qf7 22. Kf2 b6 23. Rxf6+ Qxf6+ 24. Qf3 Qg5 25. Rf1 Qd2+ 26. Qe2 Qxe2+ 27.
Kxe2 Be6 28. Rf8 Ne7 29. b3 a5 30. Ke3 c5 31. Re8 Kf7 32. Rb8 Nc8 33. Rb7+ Kf6
34. c4 Kg6 35. Kf3 Kf6 36. g4 Kg6 37. h4 Kf6 38. g5+ hxg5 39. hxg5+ Kxg5 40.
Rxg7+ Kf6 41. Rb7 Kg5 42. Rg7+ Kf6 43. Rh7 Kg5 44. Rh8 Kf6 45. g4 Kg5 46. Kg3
Ne7 47. Re8 Bxg4 48. Rxe7 Be2 49. Rd7 Bxd3 50. Kf3 Bb1 51. Rxd6 Bxa2 52. Rxb6
a4 53. bxa4 Bxc4 54. a5 Bf1 55. a6 1-0

[Event "DVM U20 2012"]
[Site "Osnabrück GER"]
[Date "2012.12.27"]
[Round "1"]
[White "Saran, Bajar"]
[Black "Wöllermann, Jan"]
[Result "0-1"]
[Termination "normal"]
[Board "7.1"]
[WhiteElo "1870"]
[BlackElo "2166"]
[WhiteTeam "SV Schott Jena"]
[BlackTeam "Hagener SV"]
[WhiteFideId "24674702"]
[BlackFideId "24661155"]
[EventCountry "GER"]
[EventRounds "7"]
[EventType "team-swiss"]
[EventDate "2012.12.26"]

1. e4 c5 2. Ne2 Nc6 3. d4 cxd4 4. Nxd4 g6 5. c4 Bg7 6. Be3 Nf6 7. Nc3 Ng4 8.
Qxg4 Nxd4 9. Qd1 Ne6 10. Qd2 Qa5 11. Rc1 b6 12. Be2 Bb7 13. f3 Be5 14. O-O g5
15. Kh1 Bf4 16. Bxf4 gxf4 17. b3 Qg5 18. Rfd1 d6 19. Nd5 Rg8 20. Rg1 Qh4 21.
Qe1 Qh6 22. Qd2 Rg6 23. g3 fxg3 24. Qxh6 Rxh6 25. Rxg3 Rg6 26. Kg2 Rc8 27. Kf2
Bxd5 28. exd5 Nf4 29. Re1 e6 30. Bf1 e5 31. Bh3 Rc5 32. Bf5 Rh6 33. h3 b5 34.
Rg8+ Ke7 35. Ra8 bxc4 36. bxc4 Kf6 37. Be4 Ra5 38. Bb1 Rxh3 39. Re3 Rh2+ 40.
Kg3 Rg2+ 41. Kh4 Ra4 42. Re4 Ra3 43. Rxf4+ exf4 44. Be4 Raxa2 0-1

[Event "DVM U20 2012"]
[Site "Osnabrück GER"]
[Date "2012.12.27"]
[Round "1"]
[White "Böhning, Kilian"]
[Black "Osterloh, Felix"]
[Result "1-0"]
[Termination "normal"]
[Board "7.2"]
[WhiteElo "1893"]
[BlackElo "1760"]
[WhiteTeam "Hagener SV"]
[BlackTeam "SV Schott Jena"]
[WhiteFideId "1270499"]
[BlackFideId "24615935"]
[EventCountry "GER"]
[EventRounds "7"]
[EventType "team-swiss"]
[EventDate "2012.12.26"]

1. e4 e6 2. d4 d5 3. exd5 exd5 4. Bd3 Bd6 5. Ne2 Ne7 6. Ng3 c6 7. O-O O-O 8.
Bg5 Qc7 9. Nd2 Ng6 10. Qh5 Bf4 11. Nf3 Nd7 12. Nf5 Bxg5 13. Qxg5 Nf6 14. Ne5
Bxf5 15. Qxf5 Qb6 16. c3 Qxb2 17. Rfc1 Qa3 18. g4 Qe7 19. Re1 Qd8 20. g5 Nh5
21. Re3 Nhf4 22. Bc2 Qc8 23. Nd7 Rd8 24. Re7 Rf8 25. Rae1 Ne6 26. Ne5 Nxd4 27.
Qxc8 Raxc8 28. Bxg6 Nf3+ 29. Nxf3 fxg6 30. Kg2 Rf7 31. Rxf7 Kxf7 32. Ne5+ Kf8
33. f4 c5 34. Rd1 d4 35. cxd4 cxd4 36. a4 Ke7 37. Rxd4 Ke6 38. Kg3 Kf5 39. Nf3
Rc5 40. Rd7 Rc3 41. Re7 Rc5 42. Nd4# 1-0

[Event "DVM U20 2012"]
[Site "Osnabrück GER"]
[Date "2012.12.27"]
[Round "1"]
[White "Seifert, Michael"]
[Black "Rieping, Heiner"]
[Result "1/2-1/2"]
[Termination "normal"]
[Board "7.3"]
[WhiteElo "1723"]
[BlackElo "1894"]
[WhiteTeam "SV Schott Jena"]
[BlackTeam "Hagener SV"]
[WhiteFideId "12964301"]
[BlackFideId "24647012"]
[EventCountry "GER"]
[EventRounds "7"]
[EventType "team-swiss"]
[EventDate "2012.12.26"]

1. Nf3 d5 2. g3 Nc6 3. d4 Bf5 4. Bg2 e6 5. O-O Nf6 6. c4 Be7 7. Nc3 O-O 8. a3
Ne4 9. cxd5 exd5 10. Bd2 Qd7 11. Rc1 Bf6 12. e3 Ne7 13. Na4 c6 14. Nc5 Nxc5 15.
Rxc5 Nc8 16. Bb4 Re8 17. a4 Be7 18. Ne5 Qe6 19. g4 Bg6 20. f4 f5 21. Ba3 Bxc5
22. Bxc5 Nd6 23. Bxd6 Qxd6 24. g5 Qb4 25. Qc2 Rf8 26. Bf3 Be8 27. Rc1 Rd8
1/2-1/2

[Event "DVM U20 2012"]
[Site "Osnabrück GER"]
[Date "2012.12.27"]
[Round "1"]
[White "Beinke, Lukas"]
[Black "Berkov, Mikhail"]
[Result "1-0"]
[Termination "normal"]
[Board "7.4"]
[WhiteElo "1844"]
[BlackElo "1796"]
[WhiteTeam "Hagener SV"]
[BlackTeam "SV Schott Jena"]
[WhiteFideId "12902535"]
[BlackFideId "24678783"]
[EventCountry "GER"]
[EventRounds "7"]
[EventType "team-swiss"]
[EventDate "2012.12.26"]

1. e4 c5 2. Nf3 Nc6 3. c4 d6 4. d4 cxd4 5. Nxd4 Bd7 6. Nc3 g6 7. Be3 Bg7 8. Be2
Nf6 9. O-O O-O 10. Qd2 Ng4 11. Bxg4 Bxg4 12. f3 Bd7 13. Rfd1 Rc8 14. Nxc6 Rxc6
15. c5 b6 16. cxb6 axb6 17. Nd5 b5 18. Rac1 Re8 19. Qe2 Qb8 20. Rxc6 Bxc6 21.
Qc2 Qb7 22. b3 Bxd5 23. Rxd5 Rc8 24. Qe2 Rc3 25. Kf1 h5 26. Rxb5 Qc6 27. Rd5
Rc2 28. Rd2 Rc1+ 29. Kf2 Rh1 30. Rd1 Rxd1 31. Qxd1 Qc3 32. Qc1 Qe5 33. g3 Qa5
34. a3 Qb5 35. Qc2 d5 36. exd5 Qxd5 37. b4 Bd4 38. Bxd4 Qxd4+ 39. Kg2 Qa1 40.
b5 Qxa3 41. b6 Qa6 42. Qc6 Qe2+ 43. Kh3 g5 44. Qa8+ Kg7 45. Qa1+ Kg6 46. b7 f5
47. Qg1 g4+ 48. Kh4 Qe5 49. Qb6+ e6 50. Qd8 Qe2 51. Qg5+ Kh7 52. Qxh5+ Kg7 53.
b8=Q Qxh2+ 54. Kg5 Qd2+ 55. f4 1-0

[Event "DVM U20 2012"]
[Site "Osnabrück GER"]
[Date "2012.12.27"]
[Round "1"]
[White "Mauch, Johannes"]
[Black "Wierum, Colin"]
[Result "0-1"]
[Termination "normal"]
[Board "7.5"]
[WhiteElo "1717"]
[BlackElo "1910"]
[WhiteTeam "SV Schott Jena"]
[BlackTeam "Hagener SV"]
[WhiteFideId "24696927"]
[BlackFideId "24677981"]
[EventCountry "GER"]
[EventRounds "7"]
[EventType "team-swiss"]
[EventDate "2012.12.26"]

1. Nf3 g6 2. g3 Bg7 3. Bg2 Nf6 4. O-O O-O 5. d3 c5 6. c4 Nc6 7. Nc3 d6 8. Rb1
Bd7 9. a3 a5 10. Re1 Ne8 11. e3 Nc7 12. d4 Bf5 13. e4 Bg4 14. d5 Ne5 15. Qe2 f5
16. exf5 Rxf5 17. Bf4 Qf8 18. Ne4 Nxf3+ 19. Bxf3 Bxf3 20. Qxf3 g5 21. Nxg5 Rxg5
22. Qe4 Rg6 23. Bd2 Bf6 24. Bc3 Rg7 25. Re3 b5 26. b4 axb4 27. axb4 cxb4 28.
Rxb4 Bxc3 29. Rxc3 Qf6 30. Rc2 Qg6 31. Qe2 bxc4 32. Rcxc4 Na6 33. Rb7 Nc5 34.
Rxe7 Rxe7 35. Qxe7 Re8 36. Qh4 Qf5 37. Rg4+ Kh8 38. Rf4 Re1+ 39. Kg2 Qxd5+ 40.
Kh3 Qe6+ 41. Rg4 Qe7 42. Qh6 Nd7 43. Qd2 Nf6 44. Rg5 Re2 45. Qd4 Qe6+ 46. g4
Re4 47. Qb2 Re5 48. f4 Rxg5 0-1

[Event "DVM U20 2012"]
[Site "Osnabrück GER"]
[Date "2012.12.27"]
[Round "1"]
[White "Rau, Nikita"]
[Black "Köhler, Daniel"]
[Result "1/2-1/2"]
[Termination "normal"]
[Board "7.6"]
[WhiteElo "1840"]
[BlackElo "1564"]
[WhiteTeam "Hagener SV"]
[BlackTeam "SV Schott Jena"]
[WhiteFideId "12902543"]
[EventCountry "GER"]
[EventRounds "7"]
[EventType "team-swiss"]
[EventDate "2012.12.26"]

1. Nf3 d5 2. g3 Nf6 3. Bg2 Bf5 4. d3 e6 5. Nbd2 h6 6. O-O Be7 7. Re1 O-O 8. c3
Nbd7 9. e4 dxe4 10. dxe4 Bh7 11. e5 Nd5 12. Nd4 c6 13. Qg4 Kh8 14. f4 Bc5 15.
N2b3 Bb6 16. Kh1 Nc5 17. Nxc5 Bxc5 18. Nb3 Bb6 19. Qe2 Qc7 20. g4 Rfe8 21. g5
hxg5 22. fxg5 Ne7 23. Bf4 Ng6 24. Bg3 Red8 25. Be4 Kg8 26. h4 Nf8 27. h5 Bxe4+
28. Qxe4 Qe7 29. Qg4 Rd7 30. g6 fxg6 31. hxg6 Qe8 32. Rf1 Nxg6 33. Bf4 Nxf4 34.
Rxf4 Rf7 35. Raf1 Rxf4 36. Rxf4 Qe7 37. Nd4 Bxd4 38. Rxd4 Re8 39. Rd6 Qf7 40.
Kg2 Qf5 41. Qg3 Rf8 42. Rd2 Qf1+ (42... Qe4+ 43. Kg1 Rf3 44. Qg5 Qe1+ 45. Kh2
Rf5 46. Qd8+ Kh7 47. Qd3 Kh6 48. c4 Rh5+ 49. Kg2 Rg5+ 50. Kh3 Qh1+ 51. Rh2 Rh5+
52. Kg4 Qxh2) 43. Kh2 Qf4 44. Qxf4 Rxf4 45. Kg3 Re4 46. Rd7 Rxe5 47. Rxb7 Rb5
48. Rxa7 Rxb2 49. Ra6 Kf7 50. a4 Ra2 51. Kg4 Ra3 52. c4 c5 53. a5 Kf6 54. Ra8
Ra4 55. a6 Rxc4+ 56. Kf3 Ra4 57. a7 Ke5 58. Ke3 g5 59. Rc8 Rxa7 60. Rxc5+ Kf6
61. Kf3 Ra4 62. Kg3 Rf4 63. Ra5 e5 64. Ra8 Kf5 65. Rf8+ Ke4 66. Rg8 g4 67. Rd8
Ke3 68. Ra8 Rd4 69. Re8 e4 70. Kxg4 Kd2 71. Kf4 e3+ 72. Kf3 Rd3 73. Re7 e2+ 74.
Kf2 1/2-1/2

[Event "DVM U20 2012"]
[Site "Osnabrück GER"]
[Date "2012.12.27"]
[Round "1"]
[White "Meier, Lars"]
[Black "Peng, Xiang-Tobias"]
[Result "0-1"]
[Termination "normal"]
[Board "8.1"]
[WhiteElo "2020"]
[BlackElo "1802"]
[WhiteTeam "Frankfurter TV 1860"]
[BlackTeam "Heilbronner SV"]
[WhiteFideId "24602396"]
[BlackFideId "12964328"]
[EventCountry "GER"]
[EventRounds "7"]
[EventType "team-swiss"]
[EventDate "2012.12.26"]

1. e4 e5 2. Nf3 Nc6 3. Bb5 Nf6 4. O-O Nxe4 5. Re1 Nd6 6. Nxe5 Be7 7. Ba4 O-O 8.
d4 Nf5 9. c3 Nxe5 10. Rxe5 d6 11. Re1 d5 12. Bf4 c5 13. Bc2 cxd4 14. cxd4 Bb4
15. Re5 Re8 16. Nc3 Bxc3 17. bxc3 Rxe5 18. Bxe5 Qg5 19. Qf3 Be6 20. Rb1 b6 21.
c4 Rd8 22. cxd5 Bxd5 23. Qh3 Nh6 24. Qg3 Qxg3 25. Bxg3 Be6 26. Rd1 g6 27. a4
Rc8 28. Bd3 Bb3 29. Ra1 Rd8 30. Ra3 Be6 31. Bf4 Nf5 32. Be3 Nxd4 33. a5 b5 34.
f3 a6 35. Be4 f5 36. Bb7 Nc2 37. Rc3 Nxe3 38. Rxe3 Rd6 39. Kf2 Kf7 40. Rc3 b4
41. Rc1 b3 42. Ke3 g5 43. Rb1 Ke7 44. Rb2 Bc4 45. g3 Rd3+ 46. Kf2 Rc3 47. Ke1
Kd6 48. f4 gxf4 49. gxf4 Kc5 50. Bc8 Bd3 51. Kd2 Kb4 52. Be6 Rc2+ 53. Rxc2 Bxc2
54. Bg8 h6 55. h4 Kxa5 56. Kc3 Ka4 57. Be6 Ka3 58. Bf7 a5 59. Be6 a4 60. Bd5
Be4 0-1

[Event "DVM U20 2012"]
[Site "Osnabrück GER"]
[Date "2012.12.27"]
[Round "1"]
[White "Biefel, Christian"]
[Black "Medvedovski, Michael"]
[Result "0-1"]
[Termination "normal"]
[Board "8.2"]
[WhiteElo "1689"]
[BlackElo "1922"]
[WhiteTeam "Heilbronner SV"]
[BlackTeam "Frankfurter TV 1860"]
[WhiteFideId "24692646"]
[BlackFideId "24600830"]
[EventCountry "GER"]
[EventRounds "7"]
[EventType "team-swiss"]
[EventDate "2012.12.26"]

1. c4 e6 2. Nc3 d5 3. d4 c5 4. cxd5 exd5 5. Nf3 Nc6 6. g3 Nf6 7. Bg2 Be7 8. O-O
O-O 9. e3 Re8 10. b3 Bg4 11. dxc5 Bxc5 12. Na4 Be7 13. Bb2 Ne4 14. h3 Bh5 15.
Nc3 Bf6 16. Qc1 Rc8 17. Na4 Ne5 18. Qd1 Bxf3 19. Bxf3 b5 20. Bxe4 dxe4 21. Bxe5
Bxe5 22. Rc1 bxa4 23. bxa4 Rxc1 24. Qxc1 Qc8 25. Qb1 Qc4 26. Rc1 Qxa4 27. Qb7
g6 28. Qd5 Qa3 29. Rc4 Qxa2 30. Qxe4 Qa1+ 31. Kg2 Qb2 32. Kg1 Rd8 33. Rb4 Qd2
34. Rb1 Qd3 35. Qb4 Rb8 0-1

[Event "DVM U20 2012"]
[Site "Osnabrück GER"]
[Date "2012.12.27"]
[Round "1"]
[White "Keller, Peter"]
[Black "Mikeler, Marcel"]
[Result "0-1"]
[Termination "normal"]
[Board "8.3"]
[WhiteElo "2033"]
[BlackElo "1712"]
[WhiteTeam "Frankfurter TV 1860"]
[BlackTeam "Heilbronner SV"]
[WhiteFideId "1272105"]
[BlackFideId "12927856"]
[EventCountry "GER"]
[EventRounds "7"]
[EventType "team-swiss"]
[EventDate "2012.12.26"]

1. e4 e5 2. Nf3 Nc6 3. Bb5 a6 4. Ba4 Nf6 5. O-O d6 6. Bxc6+ bxc6 7. d4 Bg4 8.
dxe5 Bxf3 9. Qxf3 dxe5 10. Rd1 Bd6 11. Bg5 Rb8 12. b3 h6 13. Bxf6 Qxf6 14. Qxf6
gxf6 15. Nd2 Ke7 16. Nc4 Rhg8 17. Ne3 h5 18. Rd3 Ke6 19. Nf5 Rg4 20. f3 Rg5 21.
h4 Rxf5 22. exf5+ Kxf5 23. Re1 Rb4 24. g3 Ke6 25. Kg2 f5 26. c4 Rb8 27. Rc1 c5
28. Rg1 Rg8 29. Kf2 Be7 30. Rgd1 Bd6 31. Re3 Rg7 32. a3 Rg8 33. Rc1 Rb8 34. Rg1
Rg8 35. Re2 Be7 36. Kf1 Rd8 37. Re3 Rd4 38. Ke2 Rd8 39. Rd3 Rg8 40. Rdd1 Rb8
41. Rb1 a5 42. g4 hxg4 43. h5 gxf3+ 44. Kxf3 Rh8 45. Rh1 e4+ 46. Ke2 Bg5 47. b4
cxb4 48. axb4 axb4 49. Rxb4 f6 50. Rb5 f4 51. Kf2 f5 52. Rc5 Rh7 53. Rc6+ Ke5
54. Rg6 Be7 55. h6 Bc5+ 56. Ke1 Bf8 57. Rh5 f3 58. Kf2 Bc5+ 59. Kg3 f2 60. Kg2
Rd7 61. Kf1 Rd1+ 0-1